Gordana na dvore kráľa Matyáša I (5)
| Main Author: | |
|---|---|
| Other Authors: | , |
| Format: | Book |
| Language: | Slovak Croatian |
| PhysicalDescription: | Strana 259-319 ilustrácie 21 cm |
| Published: |
Bratislava
Juga
1992
|
| ISBN: | 8085506157 8085506076 |
| Edition: | [1. vyd.] |
| Subjects: |
MARC
| LEADER | 00000cam a2200000 a 4500 | ||
|---|---|---|---|
| 001 | vtls001069684 | ||
| 003 | SK-MaSNL | ||
| 005 | 20260301044520.0 | ||
| 008 | 240226s1992 xo a gr 000 f slo | ||
| 015 | |a SNBA1992/11 | ||
| 020 | |a 8085506157 |q (zväzok 5. ; |q brožované) | ||
| 020 | |a 8085506076 |q (súbor ; |q brožované) | ||
| 035 | |a SNK000012514 | ||
| 035 | |a BBB6C1D7-CBE2-447C-B296-2613EECBF63F | ||
| 035 | |a urn:nbn:sk:snk-am00ielo | ||
| 040 | |a SNK |b slo |c SNK |e AACR2 | ||
| 041 | 1 | |a slo |h hrv | |
| 044 | |a xo |c SK | ||
| 072 | 7 | |a 821.163 |x Južnoslovanské literatúry |2 konspekt | |
| 080 | |a 886.2-3 |2 1997 | ||
| 080 | |a 821.163.42-31 |2 2011 | ||
| 080 | |a (0:82-311.6) |2 2011 | ||
| 100 | 1 | |a Jurić-Zagorka, Marija, |d 1873-1957 |4 aut |9 153814 | |
| 240 | 1 | 0 | |a Gordana |l Slovensky |
| 245 | 1 | 0 | |a Gordana na dvore kráľa Matyáša |n I (5) |c Marija Jurič Zagorka ; [z chorvátskeho originálu Gordana ... preložil Ján Jankovič ; ilustrácie Adam] |
| 250 | |a [1. vyd.] | ||
| 260 | |a Bratislava |b Juga |c 1992 |e Komárno |f Komárňanské tlačiarne | ||
| 300 | |a Strana 259-319 |b ilustrácie |c 21 cm | ||
| 655 | 7 | |a chorvátske romány |2 SNKPH |9 70795 | |
| 655 | 7 | |a historické romány |2 SNKPH |9 70253 | |
| 700 | 1 | |a Jankovič, Ján, |d 1943-2021 |4 trl |9 85876 | |
| 700 | 0 | |a Adam |4 ill |9 277443 | |
| 852 | |a Slovenská národná knižnica | ||
| 919 | |a 80-85506-15-7 | ||
| 919 | |a 80-85506-07-6 | ||
| 954 | |a beletria cudzojazyčná (svetová) |2 lita | ||
| 958 | |a LX | ||
| 958 | |a TL | ||
| 958 | |a UP | ||
| 958 | |a OND | ||
| 968 | |b CR | ||
| 999 | |c 596167 |d 598097 | ||
| 952 | |a SNK |b SNK |y PREZ |7 0 |p 17A0306124 |o snkSC 82179/1/5 D1 |i snkKSP 8468/92 |0 0 |1 0 |4 0 |d 2001-07-06 |l 0 |r 2004-12-31 00:00:00 |w 2026-02-23 | ||
| 952 | |a SNK |b SNK |y PREZ |7 0 |p 17A0995296 |o snkSC 82179/1/5 |i snkKSP 8467/92 |0 0 |1 0 |4 0 |d 2012-08-15 |f 1 |l 0 |r 2025-08-19 00:00:00 |w 2026-02-23 | ||


